Представление документа в формате MARC21

Поле Инд. ПП Название Значение
Тип записи a
Библиографический уровень m
001 Контрольный номер d9db7d42-da70-4785-b997-c9050731558d
005 Дата корректировки 20230627094105.5
008 Кодируемые данные 960430 d
020 a ISBN 5-86050-053-Х
c Цена, тираж 1780.00
080 a Индекс УДК 159.9(092)
a Индекс УДК 929Выготский
084 a Индекс другой классификации/Индекс ББК Ю91(2)6
090 x Авторский знак Я 77
a Полочн. индекс Ю91(2)6
100 1_ a Автор Ярошевский Михаил Григорьевич
245 00 a Заглавие Л. С. Выготский: в поисках новой психологии
c Ответственность М.Г. Ярошевский; Рос.АН. Ин-т истории естествознания и техники им. С.И. Вавилова. С.-Петербург. фил
c Ответственность Рос. АН
c Ответственность Ин-т история естествознания и техники им. С.И. Вавилова. С.-Петербург. фил.
260 0_ a Место издания СПб.
b Издательство Изд-во Междунар. фонда истории науки
c Дата издания 1993
300 a Объем 300 с
653 0_ a Ключевые слова Выготский Лев Семенович
a Ключевые слова История психологии
a Ключевые слова Психология в СССР
954 a Дата поступления на обработку 29.03.96